| 000 | 00416nam a22001577a 4500 | ||
|---|---|---|---|
| 999 |
_c7842 _d7842 |
||
| 003 | OSt | ||
| 005 | 20190318194947.0 | ||
| 008 | 190318b ||||| |||| 00| 0 eng d | ||
| 040 | _cDLC | ||
| 082 |
_a248.4 _bS979o |
||
| 100 | _aSwitzer, Louise: | ||
| 245 | _aOvercoming "Self" ...the/On The Throne: | ||
| 260 |
_aWellington, kansas: _bTake His heart ministries: _cc 2005 |
||
| 300 |
_a63 p.; _c20 cm |
||
| 942 |
_2ddc _cBK |
||